Guatemala: ¿democracia atenazada? /
Guardat en:
| Autor principal: | |
|---|---|
| Format: | Llibre |
| Idioma: | Spanish |
| Etiquetes: |
Afegir etiqueta
Sense etiquetes, Sigues el primer a etiquetar aquest registre!
|
MARC
| LEADER | 00000nam a22000007a 4500 | ||
|---|---|---|---|
| 003 | cru CIDCACS/IIS | ||
| 005 | 20170525115027.0 | ||
| 007 | ta | ||
| 008 | 170525s1986 pe ||||| |||| 00| 0 spa d | ||
| 040 | |c cru CIDCACS/IIS | ||
| 100 | 1 | |9 4878 |a Salazar Cussiánovich, Jorge | |
| 245 | 1 | |a Guatemala: |b ¿democracia atenazada? / |c Jorge Salazar Cussiánovich | |
| 300 | |a páginas 65-68 | ||
| 773 | 0 | |0 19374 |9 921 |a Comisión Andina de Juristas |d Lima, Perú Comisión Andina de Juristas |o 17654 |t Boletín / | |
| 942 | |2 ddc |c PP | ||
| 999 | |c 19392 |d 19392 | ||
